<?xml version="1.0" encoding="UTF-8"?>
<record
    xmlns:xsi="http://www.w3.org/2001/XMLSchema-instance"
    xsi:schemaLocation="http://www.loc.gov/MARC21/slim http://www.loc.gov/standards/marcxml/schema/MARC21slim.xsd"
    xmlns="http://www.loc.gov/MARC21/slim">

  <leader>00621cam5a220020500 4500</leader>
  <controlfield tag="001">tmp15736546</controlfield>
  <controlfield tag="003">UPRA</controlfield>
  <controlfield tag="005">20190813181759.0</controlfield>
  <controlfield tag="008">951016s1979    sz                  eng u</controlfield>
  <datafield tag="035" ind1=" " ind2=" ">
    <subfield code="a">(Sirsi) r68774</subfield>
  </datafield>
  <datafield tag="035" ind1=" " ind2=" ">
    <subfield code="a">(UPRA)tmp15736546</subfield>
  </datafield>
  <datafield tag="040" ind1=" " ind2=" ">
    <subfield code="c">UPRA</subfield>
  </datafield>
  <datafield tag="110" ind1="2" ind2=" ">
    <subfield code="a">World Health Organization.</subfield>
    <subfield code="6">A1382.1</subfield>
  </datafield>
  <datafield tag="245" ind1="1" ind2="0">
    <subfield code="a">World directory of medical schools.</subfield>
  </datafield>
  <datafield tag="250" ind1=" " ind2=" ">
    <subfield code="a">5th ed.</subfield>
  </datafield>
  <datafield tag="260" ind1=" " ind2=" ">
    <subfield code="a">Geneva :</subfield>
    <subfield code="b">World Health Organization,</subfield>
    <subfield code="c">1979.</subfield>
  </datafield>
  <datafield tag="650" ind1=" " ind2="0">
    <subfield code="a">Medical colleges -- Directories.</subfield>
    <subfield code="x">Medical colleges -- Directories.</subfield>
    <subfield code="6">S19484.1</subfield>
  </datafield>
  <datafield tag="949" ind1=" " ind2=" ">
    <subfield code="a">R735</subfield>
    <subfield code="w">LC</subfield>
    <subfield code="i">-92397</subfield>
    <subfield code="m">MEDICAL</subfield>
    <subfield code="t">BOOK</subfield>
    <subfield code="l">ON-SHELF</subfield>
  </datafield>
  <controlfield tag="004">68774</controlfield>
  <datafield tag="999" ind1=" " ind2=" ">
    <subfield code="c">45494</subfield>
    <subfield code="d">45494</subfield>
  </datafield>
  <datafield tag="952" ind1=" " ind2=" ">
    <subfield code="0">0</subfield>
    <subfield code="1">0</subfield>
    <subfield code="2">lcc</subfield>
    <subfield code="4">0</subfield>
    <subfield code="7">0</subfield>
    <subfield code="a">MEDICAL</subfield>
    <subfield code="b">MEDICAL</subfield>
    <subfield code="c">ON-SHELF</subfield>
    <subfield code="l">0</subfield>
    <subfield code="o">R735</subfield>
    <subfield code="p">-92397</subfield>
    <subfield code="r">2019-08-13 00:00:00</subfield>
    <subfield code="t">1</subfield>
    <subfield code="w">2019-08-13</subfield>
    <subfield code="y">BOOK</subfield>
  </datafield>
</record>
